| 000 | 01780nam0a2200421 4500 | ||
|---|---|---|---|
| 001 | RU\NLR\bibl\1374836 | ||
| 005 | 20260406164001.0 | ||
| 010 |
_a978-5-91180-896-9 _92700 |
||
| 021 |
_aRU _b2009-26286 _91563 |
||
| 035 | _a(nilc)RSL-KNO-004273312 | ||
| 035 | _a(NLR Aleph) 001366948 | ||
| 090 |
_a1017030 _c1017030 |
||
| 100 | _a20090410d2009 |||y0rusy50 ca | ||
| 101 | 1 |
_arus _ceng |
|
| 102 | _aRU | ||
| 105 | _ay ||||||||| | ||
| 200 | 1 |
_aГрупповая психотерапия _eтеория и практика _fИрвин Ялом, Молин Лесц _gпер. с англ. [С. Баркова и др.] _gпод ред. Э. Г. Эйдемиллера |
|
| 205 | _a5-е изд., перераб. и доп. | ||
| 210 |
_aСанкт-Петербург [и др.] _cПитер _d2009 |
||
| 215 |
_a683 с. _d24 |
||
| 225 | 1 | _aМастера психологии | |
| 300 | _aЗагл. и авт. ориг. : Group psychotherapy / Irvin D. Yalom, Molyn Leszcz | ||
| 320 | _aБиблиогр. в примеч. | ||
| 454 | 0 |
_12001#$aGroup psychotherapy$fIrvin D. Yalom, Molyn Leszcz _1700#1$aYalom$bI. D.$f1931-$gIrvin D.$3RU\NLR\AUTH\7761889$4070 _1701#1$aLeszcz$bM$gMolyn$4070 _tGroup psychotherapy _aYalom, Irvin D. (1931-) |
|
| 606 | 1 |
_aГрупповая психотерапия _9929447 _3RU\NLR\auth\6623427 |
|
| 686 |
_aЮ948.1-82,0 _2rubbk |
||
| 686 |
_aР357.1,0 _2rubbk |
||
| 686 | _aР357.19 | ||
| 686 | _aЮ948.1-82 | ||
| 700 | 1 |
_4070 _7ca _8rus _aЯлом _bИ. Д. _f1931- _gИрвин Д. _9120241 _3RU\NLR\auth\7710469 |
|
| 701 | 1 |
_aЛесц _bМ. _gМолин _4070 |
|
| 801 | 0 |
_aRU _bРГБ _c20090410 _grcr |
|
| 801 | 1 |
_aRU _bРГБ _c20090410 |
|
| 801 | 2 |
_aRU _bNLR _c20090601 _grcr |
|
| 942 | _cBOOK | ||
| 980 | _aNB | ||